Robotizované zváranie zvarkov výrobku UDS 214.1 pri produkcii 1000 ks ročne : Diplomová práca

Na minha lista:
Detalhes bibliográficos
Autor principal: Babic, Ján (Author)
Outros Autores: Kucej, Jozef (xxx)
Formato: Manuscrito Livro
Idioma:eslovaco
Publicado em: Trnava : SVŠT v Bratislave StF KZZaPM, 1988
Assuntos:
Tags: Adicionar Tag
Sem tags, seja o primeiro a adicionar uma tag!

MARC

LEADER 00000ntm a22000003a 4500
001 stu116406
005 20160719162744.8
008 060420s1988----cs------------------slo-d
040 |a STU  |b slo 
041 0 |a slo 
044 |a cs 
100 1 |a Babic, Ján  |4 aut 
245 1 |a Robotizované zváranie zvarkov výrobku UDS 214.1 pri produkcii 1000 ks ročne :  |b Diplomová práca 
260 |a Trnava :  |b SVŠT v Bratislave StF KZZaPM,  |c 1988 
300 |a 101 s  |c príl 
650 7 |a strojárska technológia  |2 stusub 
650 7 |a zváranie  |2 stusub 
700 1 |a Kucej, Jozef  |4 xxx 
996 |b 284M072871  |c M*DP-3182  |l MMSKP  |s P  |a 0  |w stu116406_0001